| 000 | 00514 a2200169 4500 | ||
|---|---|---|---|
| 999 |
_c3784 _d3784 |
||
| 020 | _a9783464207079 | ||
| 050 | _aP 121.942 FUN 2010 | ||
| 100 |
_aFunk, Hermann _eauthor |
||
| 245 |
_aStudio d A1 / _cHermann Funk, Christina Kuhn and Silke Demme |
||
| 264 |
_aBerliin: _bCornelsen, _c2010 |
||
| 300 |
_a255p.: _bill.(col.) |
||
| 500 | _aIncludes bibliographical references and index | ||
| 650 | _aStudio | ||
| 700 |
_aKuhn, Christina _eauthor |
||
| 700 |
_aDemme, Silke _eauthor |
||
| 942 |
_2lcc _cBK _h121.942 _i FUN _kP |
||